000
00206 a2200097 4500
001
59998
100
_a
245
_a
Manual of Pakistan Military Law
260
_a
_b
_c
1987
090
_c
36825
_d
36825
942
_a
NUST-CAE
_c
MONOGRAPH
_c
29808
999
_c
295071
_d
295071